Zbierka cvičení a úloh zo slovenského jazyka pre 2. ročník ZDŠ doplňovací materiál k učebnici Slovenský jazyk pre 2. roč. ZDŠ ...

Bibliographic Details
Main Authors: Brocková, Karla, 1903-1982 (Author), Bernáthová, Margita (Author)
Other Authors: Králik, Svetozár, 1935- (Translator)
Format: Book
Language:Slovak
PhysicalDescription:[50] voľných listov v prebale 8°
Published: Bratislava Slovenské pedagogické nakladateľstvo 1971
Edition:4. vyd.

MARC

LEADER 00000nam a2200000 a 4500
001 vtls001280533
003 SK-MaSNL
005 20260301195536.0
008 240314s1971 xo 0 slo
035 |a SNK000231917 
040 |a SNK  |b slo  |c SNK  |e AACR2 
041 0 |a slo 
044 |a xo  |c SK 
100 1 |a Brocková, Karla,  |d 1903-1982  |4 aut  |9 185632 
245 1 0 |a Zbierka cvičení a úloh zo slovenského jazyka pre 2. ročník ZDŠ  |b doplňovací materiál k učebnici Slovenský jazyk pre 2. roč. ZDŠ ...  |c Karla Brocková, Margita Bernáthová ; Il. Svetozár Králik 
250 |a 4. vyd. 
260 |a Bratislava  |b Slovenské pedagogické nakladateľstvo  |c 1971 
300 |a [50] voľných listov v prebale  |c 8° 
700 1 |a Bernáthová, Margita  |4 aut  |9 42862 
700 1 |a Králik, Svetozár,  |d 1935-  |4 trl  |9 99674 
958 |a OND 
999 |c 886213  |d 888143 
952 |t P60, <03>, [BOOK], {603}  |a SNK  |b SNK  |y PREZ  |7 0  |o snkOSD 3019  |i snkKSP 5586/71  |0 0  |1 0  |4 0  |d 1997-03-18  |l 0  |r 2005-01-02 00:00:00  |w 2026-02-24 
952 |t P60, <04>, [BOOK], {604}  |a SNK  |b SNK  |y VYP  |7 0  |o snkOSD 3019 D1  |i snkKSP 5587/71  |0 0  |1 0  |4 0  |d 1997-03-18  |l 0  |r 2005-01-02 00:00:00  |w 2026-02-24